| 000 | 01025nam a22003257a 4500 | ||
|---|---|---|---|
| 003 | CHAP | ||
| 005 | 20220329135338.0 | ||
| 008 | 971013s1936 r 00010 d | ||
| 010 | _a34788 | ||
| 011 | _a35760 | ||
| 035 | _a39877 | ||
| 040 | _cCHAP | ||
| 082 |
_a348.4 _bM49c 1936 |
||
| 110 |
_aMéxico. Leyes, decretos, etc. _977071 |
||
| 245 | _aCódigo agrario de los Estados Unidos Mexicanos | ||
| 250 | _a2 ed. | ||
| 260 |
_aMéxico, D.F. ; SEP, _c1936 |
||
| 300 | _a102 p | ||
| 490 |
_aBiblioteca del obrero y campesino _v; 16 |
||
| 590 |
_aBATCH-UPD _b10 _c20130110 _lUCH01 _h0952 |
||
| 590 |
_aBATCH-UPD _b10 _c20130410 _lUCH01 _h0606 |
||
| 590 |
_aBATCH-UPD _b10 _c20130914 _lUCH01 _h0318 |
||
| 590 |
_aCONVERSION _b10 _c20130109 _lUCH01 _h1319 |
||
| 650 | 1 | 4 |
_aAgricultura _xLeyes _xMéxico. _91726 |
| 650 | 1 | 4 |
_aTierras _xTenencia _zMéxico. _9113215 |
| 830 | 0 |
_aBiblioteca del obrero y campesino _v; 16 _912372 |
|
| 901 | _aBK | ||
| 942 | _cLIBRO | ||
| 949 |
_a348.4 M49c 1936 _bBC _cBPP _d-90951 _eBPP _h6895 _i39877 _si |
||
| 999 |
_c34788 _d34788 |
||